Statystyki dla wymień najpopularniejsze utwory Eminema

Kliknij tutaj aby rozwiązać quiz!

Ogólne statystyki

  • Ten quiz został rozwiązany 195 razy
  • Średni wynik to 8 z 20

Statystyki odpowiedzi

rankingutwory% Poprawnych
5Without Me
78%
3The Real Slim Shady
77%
14Mockingbird
73%
1Lose Yourself
70%
20Rap God
66%
16Godzilla
65%
2Stan
62%
7Not Afraid
51%
15My Name Is
47%
10Till I Collapse
43%
12Love The Way You Lie
42%
13Sing For The Moment
32%
17When I'm Gone
25%
4The Way I Am
21%
19Just Lose It
15%
8Cleanin' Out My Closet
14%
18White America
8%
9Role Model
4%
6Guilty Conscience
3%
11Rock Bottom
1%

Rozkład punktacji

Percentyl według liczby udzielonych odpowiedzi

Procent ludzi z każdym wynikiem

Twoja historia wyników

Nie rozwiązałeś tego quizu